| 000 | 00667nam a22001815i 4500 | ||
|---|---|---|---|
| 001 | 48728 | ||
| 003 | ES-MaACL | ||
| 007 | t| | ||
| 008 | 940202s1879 sp ||||1| spa d | ||
| 040 |
_aCAM _bspa |
||
| 100 | 1 |
_aDicenta y Blanco, José. _944481 |
|
| 245 | 1 | 0 |
_aMemoria sobre la administración municipal de Paris _b: precedida de algunas consideraciones generales y seguida de breves observaciones acerca de la de Madrid / _cpor José Dicenta y Blanco. |
| 260 |
_aMadrid : _b[s.n.], _c1879. |
||
| 300 |
_a430 p. ; _c27 cm. |
||
| 651 | 4 |
_aMadrid- _xAdministración- _yS.XIX. _98943 |
|
| 651 | 4 |
_aParís- _xAdministración- _yS.XIX. _99206 |
|
| 852 |
_aES-MaACL _jG-10171 |
||
| 999 |
_c48728 _d48728 |
||